000 00313nam a2200133Ia 4500
008 190723s9999 xx 000 0 und d
020 _a978-93-85999-74-1
100 _aD.M Vasudevan
245 0 _aTextbook of Biochemistry
250 _a8th
260 _aNew Delhi
_bJaypee
_c2016
300 _a718.:p
942 _cBK
999 _c1766
_d1766